00787nam a22002177a 4500003000500000005001700005008004100022010001000063011001000073035001100083040000900094100004400103245016400147260004100311300001900352502007000371650003300441650002200474650005400496650001900550CHAP20220329143151.0060925d2006 mx r 00110 spa d a92789 a93761 a104341 cCHAP1 aMaldonado Méndez, María de Lourdes.10aSeveridad de los incendios forestales en el estado arbóreo de la Reserva de la Biósfera Selva El Ocote, Chiapasc/por María de Lourdes Maldonado Méndez aChapingo, Méx. :bEl autor,c2006. a47 h. :bilus. aTesis (Ing. Forestal) - - UACH. División de Ciencias Forestales14aBosquesxIncendioszChiapas.14aBosqueszChiapas.14aReserva de la biósfera Selva el Ocote, Chiapas.14aSinecología.